000 00301nam a2200121Ia 4500
008 190216s9999||||xx |||||||||||||| ||und||
100 _aMadhusoodhan Deekshith
245 0 _aHindi-Vainjanik Ke Avishkar Yev Parichay
260 _bYathra Publications
300 _a104
650 _aHindi
942 _cBK
999 _c16293
_d16293